ROBUST CONTROL OF NONLINEAR SUBSYSTEMS

Bibliographic Details
Main Authors: Víteček, Antonín (Author), Vítečková, Miluše (Author)
Format: Article
Language:Czech
ISBN:8070994533

MARC

LEADER 00000naa a2200000uu 4500
001 vtls010932102
003 SK-MaSNL
005 20260302122354.0
008 220810|1999 xo |||||||||||||||||cze|
015 |a SNBRA 
035 |a (urnnbn)urn:nbn:sk:snk:ar-a0b4nn 
035 |a (uuid)70de2548-db11-4057-8da5-6a84fdf8c451 
035 |a urn:nbn:sk:snk-aatx56 
040 |a SNKBUCL  |b slo  |c SNKBUCL  |e AACR2 
041 0 |a cze 
044 |a xo  |c SK 
100 1 |a Víteček, Antonín  |4 aut  |9 777779 
245 1 0 |a ROBUST CONTROL OF NONLINEAR SUBSYSTEMS  |c Antonín Víteček, Miluše Vítečková 
246 3 |a ROBUSTNÍ ŘÍZENÍ NELINEÁRNÍCH PODSYSTÉMŮ 
700 1 |a Vítečková, Miluše  |4 aut  |9 608155 
773 0 |t ROBTEP '99  |d V Košiciach : Technická univerzita, 1999  |g S. 367-378  |z 8070994533 
954 |a odborná, vedecká literatúra cudzojazyčná (svetová)  |2 lita 
958 |a OND 
958 |a article11 
958 |a chapter 
999 |c 1277621  |d 1279551